LEADER 00769nam a2200181 i 4500 001 000000160849 003 CaOOAMICUS 005 20260423164311.0 008 070418n it u000 u ita u 040 $aSeMil$bita 245 10$aVolume 2. 300 $a287 p., [1] p. di ritratto + [2] c. di tav. 500 $aIn appendice : Biografie ; Opere ; Discorsi ; Articoli ; Carlo Cattaneo ed il Gottardo ; G. Lanza e Stefano Jacini. 773 0 $aJacini, Stefano <1886-1952>$tConservatore rurale della nuova Italia.$dBari : Laterza & Figli, 1926.$kBiblioteca di cultura moderna$w()17644 850 $aSeMil 852 $aSeMil$W1$xVenegono$y1$m3U I 734/2$j270817$B112298$CSeMilBibl$Z2$F122463 $81 996 $6245$aVolume 2$9(OLS)http://semarc/title/11564